| 000 | 02135cam a2200325 a 4500 | ||
|---|---|---|---|
| 001 | 9943322713804341 | ||
| 005 | 20260128113229.0 | ||
| 008 | 050427s2005 enk 000 0 eng | ||
| 015 |
_aGBA543697 _2bnb |
||
| 020 |
_a9780141024004 (pbk.) : _cĐ3.99 |
||
| 035 | _a(Uk)013205370 | ||
| 035 | _a1171272 | ||
| 035 | _a(StEdNL)4332271-nlsdb-Voyager | ||
| 040 |
_aStDuBDS _beng _cStDuBDS _dUk |
||
| 041 | _aen | ||
| 042 | _aukblsr | ||
| 100 |
_aArendt, Hannah _d1906-1975 |
||
| 245 | 1 | 0 |
_aEichmann and the Holocaust _c/ Hannah Arendt. |
| 260 |
_aLondon : _bPenguin, _c2005. |
||
| 300 |
_a129 pages ; _c18 cm. |
||
| 440 | 0 |
_aGreat ideas ; _v40 |
|
| 500 | _aOriginally published in: Eichmann in Jerusalem: a report on the banality of evil. London : Faber, 1963. | ||
| 505 | _aThe Banality of Evil — The Accused — The Trial — Only Following Orders — Guilt and Responsibility — Judgement. | ||
| 520 | _aFollowing the overwhelming success of Great Ideas' launch, with a million sold in the UK alone, Penguin now publish a further 20 short, astonishing works of non-fiction drawn from the most remarkable writing of the past two and a half thousand years of human thinking. Throughout history, some books have changed the world. They have transformed the way we see ourselves - and each other. They have inspired debate, dissent, war and revolution. They have enlightened, outraged, provoked and comforted. They have enriched lives - and destroyed them. Now Penguin brings you the works of the great thinkers, pioneers, radicals and visionaries whose ideas shook civilization and helped make us who we are. Inspired by the trial of a bureaucrat who helped cause the Holocaust, this radical work on the banality of evil stunned the world with its exploration of a regime's moral blindness and one man's insistence that he be absolved all guilt because he was 'only following orders'. | ||
| 600 | 0 |
_aEichmann, Adolf, _d1906-1962. |
|
| 650 | 0 |
_aHolocaust, Jewish (1939-1945) _926684 |
|
| 650 | 0 |
_aWar crime trials _zJerusalem _926685 |
|
| 700 | 1 |
_aArendt, Hannah, _d1906-1975 _tEichmann in Jerusalem. |
|
| 942 | _2lcc | ||
| 999 |
_c5310 _d5310 |
||